| 000 | 00707cam a2200265 4500 | ||
|---|---|---|---|
| 008 | 090401t1997 xxu||||| |||| 00| 0 eng d | ||
| 020 | _a0412112310 | ||
| 035 | _a(Sirsi) u82259 | ||
| 041 | _aeng | ||
| 050 | _a690.3 | ||
| 100 | _aO`Brien, J.J. | ||
| 245 | _aConstruction inspection handbook: total quality management. | ||
| 250 | _a4th ed. | ||
| 260 |
_aLondon _bChapman & Hall _c1997 |
||
| 300 | _aix,663p. : ill. ; 22cm. | ||
| 350 | _a69 | ||
| 650 | _aCONSTRUCTION INDUSTRY | ||
| 650 | _aQUALITY ASSURANCE | ||
| 650 | _aQUALITY CONTROL | ||
| 650 | _aTOTAL QUALITY MANAGEMENT | ||
| 650 | _aTOTAL QUALITY MANAGEMENT | ||
| 690 | _aBUILT ENVIRONMENT | ||
| 942 | _n0 | ||
| 948 | _c20/11/1997 | ||
| 999 |
_c96770 _d96770 |
||